|
|
|
|
| LEADER |
01975njm a2200445 a 4500 |
| 001 |
000583775 |
| 003 |
CZ BrMZK |
| 005 |
20040318074517.0 |
| 008 |
020116s2001 xr f d |
| 028 |
0 |
1 |
|a SU 6582-2 111
|b Supraphon
|
| 040 |
|
|
|a BOA001
|b cze
|
| 041 |
|
|
|g mul
|
| 080 |
|
|
|a 78.082.2
|2 MRF
|
| 080 |
|
|
|a (086.7)
|2 MRF
|
| 080 |
|
|
|a 786.2
|2 MRF
|
| 100 |
1 |
|
|a Moravec, Ivan,
|d 1930-2015
|7 jn19990009937
|4 prf
|
| 240 |
1 |
0 |
|a Sonáty,
|m klavír,
|n č. 8, op. 13,
|r c moll
|
| 245 |
1 |
0 |
|a Ivan Moravec plays Beethoven
|h [zvukový záznam]
|
| 260 |
|
|
|a Praha :
|b Supraphon,
|c p2001
|
| 300 |
|
|
|a 1 zvuková deska (74:33) :
|b digital, stereo ;
|c 12 cm +
|e 1 brožura (22 s.)
|
| 306 |
|
|
|a 011433
|
| 500 |
|
|
|a Kompaktní deska (ADD)
|
| 500 |
|
|
|a Brožura v angličtině, němčině, francouzštině a češtině
|
| 500 |
|
|
|a Nahráno v Dvořákově síni pražského Rudolfina v roce 1963, v newyorském studiu Manhattan Towers v roce 1964 a ve studiu Columbia University Chapel, New York, 1969
|
| 500 |
|
|
|a Původní fonogramy p1969, 1967, 1970 různá vydavatelství
|
| 505 |
0 |
0 |
|t Sonáta č. 8 c moll "Patetická" op. 13 --
|t Sonáta č. 13 "Quasi una fantasia" cis moll ("Měsíční svit") op. 27/2 --
|t Třicet dvě variace c moll na vlastní téma --
|t Sonáta č. 27 e moll op. 90 --
|t Sonáta č. 26 Es dur "Les adieus" op. 81 a
|
| 511 |
0 |
|
|a Ivan Moravec, klavír
|
| 650 |
0 |
7 |
|a sonáty (klavír)
|7 ph125842
|2 czenas
|
| 655 |
|
4 |
|a sonáty
|
| 700 |
1 |
|
|a Beethoven, Ludwig van,
|d 1770-1827
|7 jn19990000607
|4 cmp
|
| 730 |
0 |
|
|a Sonáty,
|m klavír,
|n č. 26, op. 81a,
|r Es dur
|
| 730 |
0 |
|
|a Sonáty,
|m klavír,
|n č. 13, op. 27/2,
|r cis moll
|
| 730 |
0 |
|
|a Sonáty,
|m klavír,
|n č. 27, op. 90,
|r c moll
|
| 740 |
0 |
2 |
|a Patetická
|
| 740 |
0 |
2 |
|a Quasi una fantasia
|
| 740 |
4 |
2 |
|a Les adieux
|
| 740 |
0 |
2 |
|a Měsíční svit
|
| 910 |
|
|
|a BOA001
|b CD-0010.011
|
| 990 |
|
|
|a AV
|
| 996 |
6 |
|
|b 261H010876
|c CD-0010.011
|l MZK
|r Sklad / do 24 hodin
|n 4
|w 000583775
|u 000010
|a 1
|e BOA001
|j MZK50
|s P
|